[Event "Guipuzcoa ch 2010"]
[Site "Azkoitia ESP"]
[Date "2010.11.06"]
[Round "4.10"]
[White "Tung, Siu Hung"]
[Black "Galarza Cenzano, Inigo"]
[Result "0-1"]
[WhiteElo "1875"]
[BlackElo "2027"]
[PlyCount "100"]
[EventDate "2010.10.16"]
[EventType "swiss"]
[EventRounds "9"]
[EventCountry "ESP"]
[Source "lmi"]
[SourceDate "2010.10.16"]

1. e4 e5 2. Nf3 Nc6 3. Bb5 f5 4. Qe2 fxe4 5. Bxc6 dxc6 6. Nxe5 Nf6 7. Nc3 Qd4
8. Nf3 Qb4 9. d3 Bg4 10. dxe4 O-O-O 11. O-O Bd6 12. a3 Qa5 13. h3 Bh5 14. Bd2
Kb8 15. b4 Bxf3 16. Qxf3 Qe5 17. g3 Bxb4 18. axb4 Rxd2 19. Ra2 a6 20. Re1 Rd4
21. Ra5 Qe6 22. b5 cxb5 23. Nxb5 Rxe4 24. Rxe4 Qxe4 25. Qxe4 Nxe4 26. Nd4 Rd8
27. Nb3 Rf8 28. Re5 Nxf2 29. Nc5 Rf7 30. Ne6 h6 31. Nf4 Nd1 32. Re6 a5 33. Kg2
a4 34. Re1 Rd7 35. Nd3 Nc3 36. Ra1 b5 37. Kf3 Re7 38. Nb4 Kb7 39. Ra3 c5 40.
Nd3 b4 41. Ra1 Kc6 42. Kf4 a3 43. Ne5+ Kb5 44. h4 Ne2+ 45. Ke4 Nxg3+ 46. Kd5
Nf5 47. h5 Ne3+ 48. Kd6 Rxe5 49. Kxe5 Nxc2 50. Rg1 a2 0-1

[Event "Guipuzcoa ch 2010"]
[Site "Azkoitia ESP"]
[Date "2010.11.06"]
[Round "4.11"]
[White "Sanchez Ruesga, Hector"]
[Black "Garro Beraza, Julen"]
[Result "0-1"]
[WhiteElo "1874"]
[BlackElo "1959"]
[PlyCount "112"]
[EventDate "2010.10.16"]
[EventType "swiss"]
[EventRounds "9"]
[EventCountry "ESP"]
[Source "lmi"]
[SourceDate "2010.10.16"]

1. d4 Nf6 2. c4 g6 3. Nc3 Bg7 4. Nf3 O-O 5. e4 d6 6. Be2 e5 7. O-O Nc6 8. d5
Ne7 9. Ne1 Ne8 10. Be3 f5 11. f3 f4 12. Bf2 g5 13. Rc1 Ng6 14. c5 dxc5 15. Bxc5
Rf7 16. Qb3 Nd6 17. Nd3 Bf8 18. Ba3 h5 19. Nc5 Kh8 20. Rfd1 g4 21. Ne6 Qf6 22.
Nxf8 Nxf8 23. Nb5 Nxb5 24. Qxb5 Ng6 25. Rd2 Nh4 26. Qe8+ Kh7 27. d6 gxf3 28.
Bc4 fxg2 29. Qxf7+ Qxf7 30. Bxf7 Nf3+ 31. Kxg2 Nxd2 32. Rxc7 f3+ 33. Kg1 Kh6
34. d7 Bxd7 35. Rxd7 Nxe4 36. Bd5 Ng5 37. Rd6+ Kh7 38. h4 Nh3+ 39. Kh2 f2 40.
Be4+ Kh8 41. Rf6 Nf4 42. Bg2 Rg8 43. Bh3 Rg1 44. Bd6 Nxh3 45. Bxe5 Kh7 46. Rxf2
Nxf2 47. Kxg1 Ng4 48. Bf4 Kg6 49. Kf1 Kf5 50. Bg5 Ne5 51. Ke2 Kg4 52. Be7 Ng6
53. Bc5 b6 54. a4 Nxh4 55. Kf2 Nf3 56. Kg2 h4 0-1

[Event "Guipuzcoa ch 2010"]
[Site "Azkoitia ESP"]
[Date "2010.11.06"]
[Round "4.12"]
[White "Fernandez Zubitur, Jokin"]
[Black "Cantabrana Garoña, Alejandro"]
[Result "1-0"]
[WhiteElo "1907"]
[BlackElo "1788"]
[PlyCount "59"]
[EventDate "2010.10.16"]
[EventType "swiss"]
[EventRounds "9"]
[EventCountry "ESP"]
[Source "lmi"]
[SourceDate "2010.10.16"]

1. e4 g6 2. Nc3 c6 3. d4 d5 4. Nf3 dxe4 5. Nxe4 Bg7 6. Be3 Nd7 7. Be2 Ngf6 8.
Ng3 Nd5 9. c4 Nxe3 10. fxe3 c5 11. O-O h5 12. Ng5 Nf6 13. d5 h4 14. N3e4 Bh6
15. Qb3 Qc7 16. Nxf6+ exf6 17. Ne4 f5 18. Qc3 Rf8 19. d6 Qc6 20. Qe5+ Be6 21.
Nxc5 O-O-O 22. Nxe6 fxe6 23. c5 Qd7 24. Qc3 e5 25. a4 f4 26. exf4 Rxf4 27. h3
Rdf8 28. Bg4 Rxg4 29. hxg4 Bg7 30. Qa5 1-0

[Event "Guipuzcoa ch 2010"]
[Site "Azkoitia ESP"]
[Date "2010.11.06"]
[Round "4.13"]
[White "Bello Castaño, Diego"]
[Black "Priya Beitia, Aitor"]
[Result "0-1"]
[WhiteElo "1893"]
[BlackElo "1582"]
[PlyCount "72"]
[EventDate "2010.10.16"]
[EventType "swiss"]
[EventRounds "9"]
[EventCountry "ESP"]
[Source "lmi"]
[SourceDate "2010.10.16"]

1. e4 d5 2. exd5 Qxd5 3. Nc3 Qd8 4. d4 Nf6 5. Nf3 g6 6. Bg5 Bg7 7. Qd2 O-O 8.
O-O-O Bg4 9. Be2 Bxf3 10. Bxf3 c6 11. Bh6 Nbd7 12. h4 Qa5 13. g4 e5 14. Bxg7
Kxg7 15. h5 Ng8 16. h6+ Kh8 17. g5 Rad8 18. Qd3 Rfe8 19. Rhe1 f6 20. gxf6 Ngxf6
21. dxe5 Rxe5 22. Qd4 Rxe1 23. Rxe1 Qg5+ 24. Kb1 Qxh6 25. Qxa7 Qf4 26. Qe3 Qxe3
27. Rxe3 Re8 28. Rxe8+ Nxe8 29. a4 Nd6 30. b3 Kg7 31. a5 h5 32. Kc1 Kf6 33.
Ne4+ Nxe4 34. Bxe4 g5 35. Kd2 Ke5 36. Bh1 Kf4 0-1

[Event "Guipuzcoa ch 2010"]
[Site "Azkoitia ESP"]
[Date "2010.11.06"]
[Round "4.14"]
[White "Arana Garate, Jon"]
[Black "Zubia Aramburu, Mikel"]
[Result "1-0"]
[WhiteElo "1959"]
[BlackElo "1834"]
[PlyCount "95"]
[EventDate "2010.10.16"]
[EventType "swiss"]
[EventRounds "9"]
[EventCountry "ESP"]
[Source "lmi"]
[SourceDate "2010.10.16"]

1. d4 d5 2. Nf3 Nf6 3. c4 c6 4. Nc3 e6 5. Bg5 Nbd7 6. e3 Be7 7. Qc2 O-O 8. Bd3
h6 9. Bh4 dxc4 10. Bxc4 b5 11. Be2 a6 12. O-O Bb7 13. Rfd1 Qb6 14. Ne5 Rfe8 15.
Nxd7 Nxd7 16. Bxe7 Rxe7 17. Ne4 Rd8 18. Nc5 Nf6 19. Bf3 Nd5 20. Rac1 Ba8 21.
Qb3 a5 22. Nd3 Ra7 23. Bxd5 cxd5 24. Rc5 b4 25. Rdc1 Bb7 26. Qa4 Raa8 27. Rb5
Bc6 28. Rxb6 Bxa4 29. Rc7 Rdc8 30. Rbb7 Rxc7 31. Rxc7 Bb5 32. Nc5 a4 33. Rb7
Bc4 34. Rxb4 Bxa2 35. Rxa4 Rxa4 36. Nxa4 Kf8 37. Kf1 Ke7 38. Ke1 Kd6 39. Kd2
Bc4 40. Nc5 g5 41. Nd3 f6 42. f4 g4 43. g3 h5 44. Kc3 Bb5 45. Nc5 e5 46. Kb4
Bc6 47. Ka5 exf4 48. exf4 1-0

[Event "Guipuzcoa ch 2010"]
[Site "Azkoitia ESP"]
[Date "2010.11.06"]
[Round "4.15"]
[White "Olabe Odriozola, Eduardo"]
[Black "Goni Garmendia, Aitor"]
[Result "1-0"]
[WhiteElo "1928"]
[BlackElo "1806"]
[PlyCount "59"]
[EventDate "2010.10.16"]
[EventType "swiss"]
[EventRounds "9"]
[EventCountry "ESP"]
[Source "lmi"]
[SourceDate "2010.10.16"]

1. e4 e5 2. Nf3 Nc6 3. Bc4 Nf6 4. Ng5 d5 5. exd5 Na5 6. Bb5+ c6 7. dxc6 bxc6 8.
Bd3 Bc5 9. Nc3 Bxf2+ 10. Kxf2 Ng4+ 11. Ke1 Qxg5 12. Qf3 O-O 13. h3 Nf6 14. b3
Bb7 15. Qf2 c5 16. Rg1 e4 17. Be2 Rfe8 18. g4 Nc6 19. h4 Qe5 20. g5 Nd5 21.
Qxc5 Nd4 22. Nxd5 Nxc2+ 23. Qxc2 Qxa1 24. Nc3 e3 25. Rg3 Rac8 26. Bc4 exd2+ 27.
Kxd2 Be4 28. Bd3 Rxc3 29. Qxc3 Qxa2+ 30. Bb2 1-0